000 00778aam a2200277 i 4500
001 76714001
003 CO-MdFUSB
005 20251002173537.0
007 ta
008 251002t1968 |||||||| |||| 00| 0 spa d
040 _aCO-MdFUSB
_bspa
_cCO-MdFUSB
_dCO-MdFUSB
_erda
041 0 _aspa
082 0 4 _223
_a 251
_bR6667s
100 1 _aRobleto, Adolfo
_eautor
245 1 0 _aEl sermón evangelístico y el evangelista
_c/ Adolfo Robleto D.
264 1 _bCasa Bautista de Publicaciones,
_a[S.L] :
_c[1968]
264 4 _c©1968
300 _a65 páginas
336 _atexto
_btxt
_2rdacontent
337 _2rdamedia
_asin mediación
_bn
338 _2rdacarrier
_avolumen
_bnc
563 _aRústico
650 0 _aPredicación
_954
942 _cBK
945 _aElías Tolentino
999 _c36396
_d36396